La justice administrative en France / (Record no. 48338)

MARC details
000 -LEADER
campo de control de longitud fija 00652nam a22001935i 4500
001 - NÚMERO DE CONTROL
campo de control 48338
003 - IDENTIFICADOR DE NÚMERO DE CONTROL
campo de control ES-MaACL
005 - FECHA Y HORA DE LA ÚLTIMA TRANSACCIÓN
campo de control 20230906161733.0
007 - CAMPO FIJO DE DESCRIPCIÓN FÍSICA--INFORMACIÓN GENERAL
campo de control de longitud fija t|
008 - DATOS DE LONGITUD FIJA--INFORMACIÓN GENERAL
campo de control de longitud fija 950714s1898 fr ||||1| fre d
040 ## - FUENTE DE CATALOGACIÓN
Centro catalogador/agencia de origen CAM
Lengua de catalogación spa
Centro/agencia transcriptor CAM
100 1# - ENTRADA PRINCIPAL--NOMBRE DE PERSONA
Nombre de persona Dareste, Rodolphe.
9 (RLIN) 42707
245 13 - MENCIÓN DEL TÍTULO
Título La justice administrative en France /
Mención de responsabilidad, etc. par Rodolphe Dareste...
250 ## - MENCION DE EDICION
Mención de edición 2e ed.
Resto de la mención de edición revue et completée avec la collaboration de Pierre Dareste.
260 ## - PUBLICACIÓN, DISTRIBUCIÓN, ETC.
Lugar de publicación, distribución, etc. Paris :
Nombre del editor, distribuidor, etc. librairie de la Société du Recueil Général des lois et des arréts...,
Fecha de publicación, distribución, etc. 1898.
300 ## - DESCRIPCIÓN FÍSICA
Extensión XII, 680 p. ;
Dimensiones 23 cm.
700 1# - ENTRADA AGREGADA--NOMBRE PERSONAL
Nombre de persona Dareste, Pierre.
9 (RLIN) 42706
852 ## - LOCALIZACIÓN
Ubicación ES-MaACL
Número de control de estantería F-6524
Holdings
Estatus retirado Estado de pérdida Estado de daño No para préstamo Colección Biblioteca de origen Biblioteca actual Ubicación en estantería Fecha de adquisición Fuente de adquisición Total de préstamos Signatura topográfica completa Código de barras Visto por última vez Precio de reemplazo Tipo de ítem Koha
        Libros del s. XIX Biblioteca del Ateneo de Madrid Biblioteca del Ateneo de Madrid Depósito 2 17/01/2008     F-6524 1050872 23/02/2023 23/02/2023 Libro impreso antiguo